Quick Pick: Hail to the King! Quiz Stats

 Plays Quiz Updated Jun 5, 2018

Score 0/14 Timer 01:30
0 Plays Today
% Correct
Were
94.2%
George III
94.1%
Ransom
93.5%
Speech
92%
Return
91.1%
Siam
88.7%
Queens
88.4%
% Correct
Ring
87.5%
Court
83.3%
Me
82.3%
County
81.1%
Landing
78.7%
Kunta
75.2%
Crowd
61.1%

Today's Daily Dose

Missing Word
1940s A-Z

Quick Pick
'S' Athletes

Get the Picture
Depp or Bonham Carter

You're not logged in!

Compare scores with friends on all Sporcle quizzes.
OR
Log In

Sporcle TV

Today on Sporcle TV


Watch our educational content, quiz creation guides, and fun videos on Sporcle TV.

Show Comments

Extras

Top Quizzes Today


Score Distribution

Your Account Isn't Verified!

In order to create a playlist on Sporcle, you need to verify the email address you used during registration. Go to your Sporcle Settings to finish the process.

Report this User

Report this user for behavior that violates our Community Guidelines.

Details: